Дело об устройстве музея в Шепелевском дворце и Эрмитажном здании с перестройкой их

Доступно только в Электронных читальных залах Найти на картеНа карте
RUSMARC
00003652nmc2a22002413x 450
0017a53751b-e3ad-4eb1-9e65-2bf92e573a1d
00520220831203155.0
100##$a20220407l18391840k l0rusy0189 ca
1010#$arus
102##$aRU
105##$ay###
1222#$ad
2001#$aДело об устройстве музея в Шепелевском дворце и Эрмитажном здании с перестройкой их
$j27 июля 1839 г. - 8 апреля 1840 г.
215##$a37 л.
$d36,5х26 см
251##$cДело
300##$aДело
371##$aДокумент не является опубликованным и широко распространяемым
461#0$1001625a9a7e-a890-4307-a7fe-826a2289a412
$12001
$aГоф-интенданская контора Министерства императорского двора
$1251
$cФонд
$1852
$j470
462#0$10013b995d6e-58fd-412c-9c29-c11444cea082
$12001
$aПо Зимнему дворцу
$1251
$cОпись
$1852
$j1
$l82-516
801#0$aRU
$bРГИА
$c20220407
$gRCR
801#1$aRU
$bГлавНИВЦ
$c20220407
$2rusmarc
801#2$aRU
$bПБ им. Б.Н. Ельцина
$c20220831
$gRCR
$2rusmarc
850##$aРГИА
852##$aРГИА
$eФедеральное казенное учреждение "Российский государственный исторический архив" (РГИА)
$j260
937##$hРГИА
$d12382537
$aASBIBLIO_SCAN
035##$aRusGRCC00042721
856##$uhttp://readingroom.main.prlib.ru/item.aspx?id_node=n178567239&mode=full
Формат отображения